LEADER 01001cam0 22002891 450 001 SOBE00031949 005 20130410120220.0 010 $a8811662451 100 $a20130410d2001 |||||ita|0103 ba 101 $aita 102 $aIT 200 1 $aCuore freddo$fLynda La Plante$gtraduzione di Maura Pavolini e Matteo Curtin 210 $a[Milano]$cGarzanti$d2001 215 $a527 p.$d22 cm 225 2 $aNarratori moderni 300 $aTraduzione di: Cold heart, a cura di Maura Parolini e Matteo Curtoni 410 1$1001LAEC00019183$12001 $a*Narratori moderni 700 1$aLa_Plante$b, Lynda$3SOBA00006496$4070$0774161 801 0$aIT$bUNISOB$c20130410$gRICA 850 $aUNISOB 852 $aUNISOB$jFondo|Durante$m160463 912 $aSOBE00031949 940 $aM 102 Monografia moderna SBN 941 $aM 957 $aFondo|Durante$b000012$gSI$d160463$hDurante$rdono$tN$1menle$2UNISOB$3UNISOB$420130410115958.0$520130410120025.0$6menle 996 $aCuore freddo$91715409 997 $aUNISOB